UBT Library

Applied linear regression models / (Record no. 42649)

000 -LEADER
fixed length control field 00598pam a2200217 a 4500
001 - CONTROL NUMBER
control field 547829
005 - DATE AND TIME OF LATEST TRANSACTION
control field 20180215065945.0
008 - FIXED-LENGTH DATA ELEMENTS--GENERAL INFORMATION
fixed length control field 880714s1989 ilua b 001 0 eng
010 ## - LIBRARY OF CONGRESS CONTROL NUMBER
LC control number 88013138
020 ## - INTERNATIONAL STANDARD BOOK NUMBER
International Standard Book Number 0256070687 :
Terms of availability $37.95
040 ## - CATALOGING SOURCE
Original cataloging agency DLC
Transcribing agency DLC
Modifying agency DLC
041 ## - LANGUAGE CODE
Language code of text/sound track or separate title eng
080 ## - UNIVERSAL DECIMAL CLASSIFICATION NUMBER
Universal Decimal Classification number 519.536 joh
082 00 - DEWEY DECIMAL CLASSIFICATION NUMBER
Classification number 519.536 joh
Edition number 19
100 1# - Rafti
Rafti 55
101 ## - Shkurtesa
Shkurtesa sta
245 10 - TITLE STATEMENT
Title Applied linear regression models /
Statement of responsibility, etc John Neter, William Wasserman, Michael H. Kutner.
504 ## - BIBLIOGRAPHY, ETC. NOTE
Bibliography, etc Bibliography: p. 657-661.
906 ## - LOCAL DATA ELEMENT F, LDF (RLIN)
a 7
b cbc
c orignew
d 1
e ocip
f 19
g y-gencatlg
942 ## - ADDED ENTRY ELEMENTS (KOHA)
Source of classification or shelving scheme
Item type Books
Holdings
Withdrawn status Lost status Source of classification or shelving scheme Damaged status Not for loan Collection code Permanent location Current location Shelving location Date acquired Total Checkouts Full call number Barcode Date last seen Price effective from Koha item type
          Koleksioni i përgjithshem UBT - Lipjan UBT - Lipjan Koleksioni i përgjithshem 02/15/2018   519.536 joh 002-2998831 02/15/2018 02/15/2018 Books
          Koleksioni i përgjithshem UBT - Lipjan UBT - Lipjan Koleksioni i përgjithshem 02/15/2018   519.536 joh 002-2998836 02/15/2018 02/15/2018 Books
UBT Library © 2015-2024. All rights reserved University Education for Business and Technology